000 01953nam a2200385 c 4500
003 BLK
005 20180629144708.0
008 180408b bul|||||r ||||||| ||bul||
010 _aKNG00072581000
020 _a954-90934-2-5
_bиздат.: Диоген.bg
040 _aBLK
041 _aBUL
_cBUL
080 _aКласическа гръцка литература. Старогръцка литература
_b821.142
_x(075.3)
_z821.142(075.3)
080 _aЛитература на отделни езици и езикови семейства
_b821
_x(4-15)(075.3)
_z821(4-15)(075.3)
080 _aБългарска литература
_b821.163.2
_x(091)(075.3)
_z821.163.2(091)(075.3)
100 1 _aВлашки, Младен Цветанов
_eпърви автор
_9364905
700 1 _aСтефанов, Валери Стоилов
_eсъавт.
_9366828
700 1 _aПанов, Александър Асенов
_eсъавт.
_9370934
139 _aВлашки, Младен Цветанов и др.
_bВ 73
245 1 0 _aЛитература за ІХ клас
_bЗадължителна подготовка
_cМладен Цветанов Влашки; съавт. Валери Стоилов Стефанов; съавт. Александър Асенов Панов.
257 _aBGR
260 София
_bДиоген.bg
_c2002
300 _a480 с.
_bс ил., табл.
_c27 см
380 _a82
500 _aОдобрен със заповед № РД 09-682/15.08.2002 г. на МОН. - Офс. изд.
650 4 _aЛитература - учебници за средни училища
_9255249
653 _aлитература
653 _aучебници за средни училища
653 _aІХ кл.
852 _aЦб ІІ 14378
856 4 _qpdf
_u
856 4 _qpdf
_u
942 _cKNG
_n0
_01
944 _aCR
_c08.03.2007
_lф /
_kЦветанка_Енчева
944 _aED
_c24.01.2017
_lф /
_kЛюдмила_Стоянова
999 _c68263
_d68263